Negyvenöt éve színpadon hetvenéves Sztankay István Kossuth-díjas színművész

Podrobná bibliografia
Hlavný autor: Tallósi, Béla, 1958- (Autor)
Médium: Článok
Jazyk:maďarčina
Predmet:

MARC

LEADER 00000nab a2200000 ar4500
001 vtls008700750
003 SK-MaSNL
005 20260319070448.0
008 060418c20060214xo ||||||h| 000 b|hun
015 |a SNBRB2006/04  |2 snkbucl 
038 |a SNKBUCL 
040 |a DSZK  |b slo  |c DSZK  |e AACR2 
041 0 |a hun 
044 |a xo  |c SK 
080 |a 792.071.2  |2 1997 
080 |a 791.44.071.2  |2 1997 
080 |a 929 Sztankay, István  |2 1997 
100 1 |a Tallósi, Béla,  |d 1958-   |4 aut 
245 1 0 |a Negyvenöt éve színpadon  |b hetvenéves Sztankay István Kossuth-díjas színművész  |c Tallósi Béla 
600 1 7 |a Sztankay, István,  |d 1936-2014  |2 snkbucl  |9 156115 
773 0 |t Új szó  |g Évf. 59, sz. 37 (14.2.2006), o. 8 
852 |a SNK  |b KIS3GCP 
852 |a DSZK  |b KIS3GCP 
958 |a HU 
958 |a BC 
999 |c 1768043  |d 1769973